000 01036nam0a22002771 4500
001 rc\4028400
005 20250611062441.0
021 _aRU
_b[55-18957]
035 _a(NLR Aleph) 008090708
090 _a9181805
_c9181805
100 _a20130415d1955 |||y0rusy50 ca
101 0 _arus
102 _aRU
105 _ay z |||c|
200 1 _aВ зауральском колхозе
_e[Колхоз "Заветы Ленина" Шадрин. района
_eОчерк о Т.С. Мальцеве]
210 _aМосква
_cТрудрезервиздат
_d1955
215 _a64 с.
_d17
606 _aАгротехника
_yКурганская область
_2psbo
606 _aПочвы
_xОбработка
_yКурганская область
_2psbo
700 1 _aГоробова
_bА.Л.
_gАлександра Львовна
702 1 _aМальцев
_bТ.С.
_gТерентий Семенович
_4570
801 0 _aRU
_bNLR
_gpsbo
801 1 _aRU
_bELAR
_2rusmarc
852 _aNLR
_jС30 Г-2/284
942 _cBOOK
980 _aNB